Normal view
MARC view
Entry Nombre personal
001 - NÚMERO DE CONTROL
- campo de control: 957
003 - IDENTIFICADOR DE NÚMERO DE CONTROL
- campo de control: DLC
005 - FECHA Y HORA DE LA ÚLTIMA TRANSACCIÓN
- campo de control: 20260321114457.0
008 - ELEMENTOS DE DATO DE LONGITUD-FIJA
- campo de control de longitud fija: 880708n| azannaabn |n aaa c
010 ## - NÚMERO DE CONTROL DE LA BIBLIOTECA DEL CONGRESO
- Número de control de LC: nr 88006285
035 ## - NÚMERO DE CONTROL DEL SISTEMA
- Número de control de sistema: (CaEvSKY)skya5543765
035 ## - NÚMERO DE CONTROL DEL SISTEMA
- Número de control de sistema: (OCoLC)oca02318488
040 ## - FUENTE DE CATALOGACIÓN
- Centro catalogador/agencia de origen: NjP
- Lengua de catalogación: eng
- Normas de descripción: rda
- Centro/agencia transcriptor: NjP
- Centro/agencia modificador: MX-SlUA
- Centro/agencia modificador: HU
100 1# - ENCABEZAMIENTO-NOMBRE DE PERSONA
- Nombre de persona: Wilensky, Alberto L.
372 ## - CAMPO DE ACTIVIDAD
- Campo de actividad: Administration
375 ## - GÉNERO/SEXO
- Género: Males
- Fuente del término: lcdgt
377 ## - IDIOMA ASOCIADO
- Código del idioma: spa
670 ## - FUENTE DE DATOS ENCONTRADOS
- Cita de la fuente: Levy, A.R. Cómo hacen los que hacen, 1987:
- Información encontrada: t.p. (Alberto L. Wilensky)
670 ## - FUENTE DE DATOS ENCONTRADOS
- Cita de la fuente: Política de negocios: estrategias de marketing para mercados competitivos, 1997:
- Información encontrada: title page (Alberto Wilensky ; Licenciado en Administración)